| 000 | 00841nam a2200229Ia 4500 | ||
|---|---|---|---|
| 003 | GCL | ||
| 008 | 140319s9999 xx 000 0 ara d | ||
| 020 | _a9840305977 | ||
| 040 |
_aGCL / _cGCL |
||
| 082 | 0 | 4 |
_a792.09 _bا ج |
| 100 | 1 | _aارمر ، توماس | |
| 245 | 1 | 0 |
_aجمهورية المسارح المسرح فى المانيا الشرقية / _cارمر ، توماس |
| 700 | 1 | _aشميت ، ماتياس | |
| 260 |
_aالقاهرة : _bوزارة الثقافة - مهرجان القاهرة الدولى للمسرح التجريبى ، _c2003 |
||
| 300 |
_a487ص ؛ _c24 سم |
||
| 650 | 0 | 4 | _aالادب الالمانى |
| 650 | 0 | 4 | _aالمسرحيات الالمانية |
| 650 | 0 | 4 | _aالمسرح - المانيا |
| 650 | 0 | 4 | _aالمسرح - اعداد |
| 650 | 0 | 4 | _aالمسارح - نماذج |
| 942 |
_2ddc _cBK |
||
| 999 |
_c7790 _d7790 |
||